000 00422nam a22001817a 4500
003 OSt
005 20260323144348.0
008 260323b |||||||| |||| 00| 0 eng d
020 _a9789349830950
040 _cBGL
082 _a514.32 BHA:M
100 _aBhatia Neha
245 _aMetric Spaces
260 _aNew Delhi
_bAne Publishers & Dist.
_c2025
300 _a194p
650 _aMathematics
942 _2ddc
_cGB
999 _c44333
_d44333